01494nam a22003737i 4500003000900000005001700009008004100026020001800067040004300085043002100128082002100149100005000170245009200220250001900312264004600331300004400377336002600421337002800447338002700475504005100502650003400553650004200587651005100629651003500680651004200715651003600757651005400793653002100847655002400868906004500892942001200937999001700949952015400966EG-ScBUE20220721095915.0200219s2014 enka f b 001 0 eng d a9780198703631 aEG-ScBUEbengerdacEG-ScBUEdEG-ScBUE ae-ur---aa-cc---04a330.904222bPOP1 aPopov, V. V.q(Vladimir Viktorovich)eauthor.10aMixed fortunes :ban economic history of China, Russia, and the West /cVladimir Popov. aFirst edition. 1aOxford :bOxford University Press,c2014. aix, 191 pages :billustrations ;c25 cm atext2rdacontentbtxt aunmediated2rdamediabn avolume2rdacarrierbnc aIncludes bibliographical references and index. 7aCivilization, Western.2BUEsh 7aEconomic developmentxHistory.2BUEsh 7aWestern countriesxEconomic conditions.2BUEsh 7aChinaxEconomic policy.2BUEsh 7aSoviet UnionxEconomic policy.2BUEsh 7aRussiaxEconomic policy.2BUEsh 7aDeveloping countriesxEconomic conditions.2BUEsh bBUSECOcJuly2022 vReading book934232 a7bcbccorignewd2eepcnf20gy-gencatlg 2ddccBB c29901d29872 00102ddc40708BaccahaMAINbMAINc1STd2022-07-21ePurchaseg257.00h21201l0o330.904 POPp000056343r2025-07-15 00:00:00v321.00w2022-07-21yBB